00545nam a2200181 a 45000010010000000030011000100080041000210350026000620820015000881000018001032450040001212600053001616500011002149420012002259520091002379980020003289990015003480000-9329ELIB.Books110520 2003  a(ELIB.Books)0000-9481 aB.Th bHtw aHtwe Cho, Naw aWhen our Ancestors know the Saviour bInsein: Karen Baptist Theolgical Seminary c2003 aThesis 2ddccBK 00102ddc4070aKBTSbKBTSd2011-05-20l0p30146r2022-01-22 00:00:00w2022-01-22yBK cbate2011-05-20 c9329d9329